Dime cosas de tu país : (Registro nro. 57231)
[ vista simple ]
| 000 -CABECERA | |
|---|---|
| Longitud fija campo de control | 01891nam a2200325Ia 4500 |
| 003 - • IDENTIFICADOR DELl NÚMERO DE CONTROL | |
| Identificador del número de control | CO-BoRNBP |
| 005 - • FECHA Y HORA DE LA ÚLTIMA TRANSACCIÓN | |
| Fecha y hora de la última transacción | 20250605154522.0 |
| 007 - • CAMPO FIJO DE DESCRIPCIÓN FÍSICA | |
| Campo fijo de descripción física | ta |
| 008 - • CÓDIGOS DE INFORMACIÓN DE LONGITUD FIJA | |
| Códigos de información de longitud fija | 180109s9999 xx 000 0 und d |
| 020 ## - • NÚMERO INTERNACIONAL NORMALIZADO PARA LIBROS | |
| Número Internacional Normalizado para Libros (ISBN) | 9788434226524 |
| 040 ## - FUENTE DE LA CATALOGACIÓN | |
| Centro catalogador de origen | CO-BoRNBP |
| Lengua de catalogación | spa |
| Normas de descripción | rda |
| Centro transcriptor | CO-BoRNBP |
| 041 ## - • CÓDIGO DE LENGUA | |
| Código de lengua del texto/banda sonora o título independiente | spa |
| 082 0# - • NÚMERO DE LA CLASIFICACIÓN DECIMAL DEWEY | |
| Número de clasificación (R) | 910.3 C24d |
| 100 1# - • PUNTO DE ACCESO PRINCIPAL-NOMBRE DE PERSONA | |
| Nombre de persona | Cela, Daniel, |
| 245 10 - • TITULO PROPIAMENTE DICHO | |
| Título | Dime cosas de tu país : |
| Resto del título | 30 e-mails para la diversidad / |
| Mención de responsabilidad, etc. | Daniel Cela ; ilustraciones de Jordi Costa. |
| 250 ## - • MENCIÓN DE EDICIÓN | |
| Mención de edición | Segunda edición |
| 264 #1 - PRODUCCIÓN, PUBLICACIÓN , DISTRIBUCIÓN, FABRICACIÓN Y COPYRIGHT | |
| Lugar de producción, publicación, distribución, fabricación | Barcelona : |
| Nombre del productor, editor, distribuidor, fabricante | Parramón;2007 |
| 300 ## - • DESCRIPCIÓN FÍSICA | |
| Extensión | 144 páginas : |
| Otras características físicas | ilustraciones en color ; |
| Dimensiones | 28 cm |
| 336 ## - TIPO DE CONTENIDO | |
| Término de tipo de contenido | texto |
| Código de tipo de contenido | txt |
| Fuente | rdacontent |
| 337 ## - TIPO DE MEDIO | |
| Nombre del tipo de medio | sin mediación |
| Código del tipo de medio | n |
| Fuente | rdamedia |
| 338 ## - TIPO DE SOPORTE | |
| Nombre del tipo de soporte | volumen |
| Código del tipo de soporte | nc |
| Fuente | rdacarrier |
| 500 ## - • NOTA GENERAL | |
| Nota general | Incluye glosario. |
| 505 0# - • NOTA DE CONTENIDO CON FORMATO | |
| Nota de contenido con formato | Australia albin@australia.com.au Italia raffaella@italia.it Canada marie@canada.ca Brasil sebastiao@brasil.br Rusia nikolai @rusia.ru Marruecos ahmed@marruecos.ma Japón gombei@japon.jp Perú Pablo @peru.pe Estados Unidos joe@usa.com Alemania guntherfriederich@alemania.de República Sudafricana jeremiah@republicasudafrica.co.za India suoranie@india.in Argentina beatriz@argentina.ar Grecia filipostradiatis@grecia.gr Kenya wainaina@kenya.ke España carlota@españa.es Colombia julieta@colombia.com.co Islandia sarahragnar@islandia.is China lishumei@china.com.cn Portugal amalia@portugal.pt Egipto samy@egipto.eg Holanda willem@holanda.nl Mexico elias@mexico.mx Reino Unido maryann@reinounido.uk Iran shirin@iran.ir Turquia orhan@turquia.tr Francia alinedevoix@francia.fr Guatemala lissette@guatemala.gt Polonia sabina@polonia.pl Nueva zelanda oliver@nuevazelanda.nz. |
| 650 04 - • PUNTO DE ACCESO ADICIONAL DE MATERIA - TÉRMINO DE MATERIA | |
| Término de materia o nombre geográfico como elemento inicial | Cultura General |
| Fuente del encabezamiento o término | LEMB |
| 650 04 - • PUNTO DE ACCESO ADICIONAL DE MATERIA - TÉRMINO DE MATERIA | |
| Término de materia o nombre geográfico como elemento inicial | Cultura |
| Fuente del encabezamiento o término | LEMB |
| 650 04 - • PUNTO DE ACCESO ADICIONAL DE MATERIA - TÉRMINO DE MATERIA | |
| Término de materia o nombre geográfico como elemento inicial | Civilizacion - Historia. |
| Fuente del encabezamiento o término | LEMB |
| 700 1# - • PUNTO DE ACCESO ADICIONAL - NOMBRE DE PERSONA | |
| Nombre de persona | Costa, Jordi, 1966-, ilustrador |
| 942 ## - ENTRADA DE ELEMENTOS AGREGADOS (KOHA) | |
| Fuente de clasificaión o esquema | Dewey Decimal Classification |
| Koha [por defecto] tipo de item | LIbro |
| Perdido | Fuente de clasificación o esquema | Estado Físico | No para préstamo | Forma de adquisición | Localización permanente | Localización actual | Localización en estanterías | Fecha adquisición | Préstamos totales | Signatura completa | Código de barras | Fecha última consulta | Número de copia | Fecha del precio de reemplazo | Tipo de item de Koha |
|---|---|---|---|---|---|---|---|---|---|---|---|---|---|---|---|
| Dewey Decimal Classification | Colección General | Biblioteca Pública Medellin del Ariari - El Castillo | Biblioteca Pública Medellin del Ariari - El Castillo | General | 06/05/2025 | 910.3 C24d | MDA001119 | 06/05/2025 | Ej.1 | 06/05/2025 | LIbro |